000 00526nam a2200181Ia 4500
005 20250508151837.0
008 008 250505s9999 xx 000 0 eng d
037 _aTextual
040 _aFEDL
_beng
_cFEDL
041 _aeng
_2eng
084 _a428.864 21, CHU
_qFEDL
100 _aChurchill Winston S
245 0 _aHistory of the English-speaking peoples, 2 Vol.
260 _aLondon, UK
_bCassell and Company Limited
490 _vV 1
942 _cTEXL
_h428.864 21, CHU
999 _c1332465
_d1332465